Statistics for Countries with Wingstop locations

Click here to take the quiz!

General Stats

  • This quiz has been taken 14 times
  • The average score is 6 of 9

Answer Stats

Number of RestaurantsCountry% Correct
4Canada
100%
107Mexico
100%
1400+United States
100%
1France
92%
39United Kingdom
92%
1Spain
67%
16Singapore
42%
19United Arab Emirates
33%
63Indonesia
17%

Score Distribution

Percentile by Number Answered

Percent of People with Each Score

Your Score History

You have not taken this quiz